000 00987nam a2200313Ia 4500
003 OSt
005 20221007122900.0
006 a|||||r|||| 00| 0
007 ta
008 221006b |||||||| |||| 00| 0 eng d
020 _a9780199668328 (pbk)
024 _a191109
037 _b474, 16/09/2014, New India Book Agency
_cTextual
040 _aPAPL
_cPAPL
_beng
041 _2eng
_aeng
082 _aB7, Q0;3 Carpa
100 _aDe Lange O L
_9714619
245 0 _aSolved problems in classical mechanics
_b Pierrus J
260 _aNew
_bYork Oxford
_c2010
300 _avi, 599p.
_ccm.
500 _aAppendix 588-589p.; Index 590-599p.
650 _a Classical mechanics
_9713742
650 _a Miscellanea
_9715507
650 _a Rigid bodies
_9715508
650 _aPhysics
700 _a Pierrus J
_9714620
942 _hB7, Q0;3 Carpa
_cTEXL
_2CC
999 _c1211058
_d1211058